صلاة أصحاب الأعذار / (رقم التسجيلة. 2518)
[ عرض عادي ]
| 000 -الفاتح | |
|---|---|
| عناصر البيانات ثابتة الطول | 00666cam a2200181 i 4500 |
| 005 - تاريخ ووقت آخر معاملة | |
| حقل ضبط | 20251209101347.0 |
| 008 - عناصر البيانات ثابتة الطول | |
| عناصر البيانات ثابتة الطول | 250721s2008 jo gr 000 0 ara d |
| 082 14 - رقم تصنيف ديوي العشري | |
| رقم التصنيف | 216.22 |
| رقم المادة | ع ي د |
| 100 1# - مدخل رئيسي – اسم شخصي | |
| الاسم الشخصي | عيد، يحيى إسماعيل |
| علاقة الشخص بالعمل/ دوره | مؤلف. |
| 245 10 - بيان العنوان | |
| العنوان | صلاة أصحاب الأعذار / |
| بيان المسؤولية | يحيى إسماعيل عيد ؛ تقديم الأستاذ الدكتور علي محمد الصوا. |
| 250 ## - بيان الطبعة | |
| بيان الطبعة | الطبعة الأولى. |
| 264 31 - بيانات النشر، التوزيع…إلخ | |
| مكان النشر، التوزيع...إلخ | اربد : |
| اسم الناشر، الموزع...إلخ | المركز القومي للنشر، |
| تاريخ النشر، التوزيع...إلخ | 2008. |
| 300 ## - الوصف المادي | |
| عدد الوحدات المكونة للوعاء | 330 صفحة. |
| 650 17 - مدخل إضافي بالموضوع - مصطلح موضوعي | |
| مصطلح موضوعي أو اسم جغرافي كعنصر مدخل | الفقه الاسلامي. |
| 650 17 - مدخل إضافي بالموضوع - مصطلح موضوعي | |
| مصطلح موضوعي أو اسم جغرافي كعنصر مدخل | الصلاه. |
| 942 ## - بيانات إضافية (كوها) | |
| نوع التنصيف | Dewey Decimal Classification |
| نوع المادة (كوها) | كتب |
| حالة السحب | حالة الفقدان | مصدر التصنيف | حالة التلف | غير قابل للإعارة | المكتبة الرئيسية | المكتبة الحالية | موقع الرف | تاريخ التزويد | الرقم المتسلسل | Total Checkouts | رقم الإستدعاء | الباركود | تاريخ آخر ظهور | تاريخ الفاتورة | نوع المادة (كوها) |
|---|---|---|---|---|---|---|---|---|---|---|---|---|---|---|---|
| Dewey Decimal Classification | المكتبة المركزية | المكتبة المركزية | الإعارة | 28/07/2025 | 1265173 | 216.22 / ع ي د | PLD00075344 | 28/07/2025 | 28/07/2025 | كتب | |||||
| Dewey Decimal Classification | المكتبة المركزية | المكتبة المركزية | مقتنيات قسم التزويد | 28/07/2025 | 1265175 | 216.22/عيد | 28/07/2025 | 28/07/2025 | كتب | ||||||
| Dewey Decimal Classification | المكتبة المركزية | المكتبة المركزية | مقتنيات قسم التزويد | 28/07/2025 | 1265176 | 216.22/عيد | 28/07/2025 | 28/07/2025 | كتب | ||||||
| Dewey Decimal Classification | المكتبة المركزية | المكتبة المركزية | الإعارة | 30/03/2011 | 1440283 | 216.22 / ع ي د | PLD00198934 | 28/07/2025 | 30/03/2011 | كتب | |||||
| Dewey Decimal Classification | مكتبة أبو علندا العامة | مكتبة أبو علندا العامة | الإعارة | 03/03/2009 | 1265178 | 216.22/عيد | PLD00075681 | 28/07/2025 | 03/03/2009 | كتب | |||||
| Dewey Decimal Classification | مكتبة الأميرة ايمان العامة | مكتبة الأميرة ايمان العامة | الإعارة | 03/03/2009 | 1265177 | 216.22/عيد | PLD00075680 | 28/07/2025 | 03/03/2009 | كتب | |||||
| Dewey Decimal Classification | مكتبة الاميرة بديعة | مكتبة الاميرة بديعة | الإعارة | 03/03/2009 | 1265179 | 216.22/عيد | PLD00075682 | 28/07/2025 | 03/03/2009 | كتب | |||||
| Dewey Decimal Classification | مكتبة الجويدة | مكتبة الجويدة | الإعارة | 03/03/2009 | 1265180 | 216.22/عيد | PLD00075683 | 28/07/2025 | 03/03/2009 | كتب | |||||
| Dewey Decimal Classification | مكتبة النصر العامة | مكتبة النصر العامة | الإعارة | 03/03/2009 | 1265181 | 216.22/عيد | PLD00075684 | 28/07/2025 | 03/03/2009 | كتب |